000 00770nam a2200253Ia 4500
003 OSt
005 20220923212256.0
006 a|||||r|||| 00| 0
007 ta
008 220922b |||||||| |||| 00| 0 hin d
024 _a151,976
037 _cTextual
040 _aARTS
_cARTS
_bhin
041 _2hin
_ahin
082 _a/\2y7M92x, 152L3
100 _aविराजानन्द
245 0 _aपरमार्थ प्रसंग
246 _aParamārtha prasanga
250 _aसंस्क 3
260 _aनागपुर
_b श्री रामकृष्ण आश्रम
_c1973
300 _a193 पृ.
_ccm.
942 _h/\2y7M92x, 152L3
_cTEXL
_2CC
999 _c307649
_d307649